000 00536nam a22001937a 4500
999 _c6687
_d6687
003 OSt
005 20200302132624.0
008 200302b ||||| |||| 00| 0 eng d
020 _a1878907115
040 _c040
082 _a548
_bAZA 1968
100 _aAzaroff, Leonid V.
_913752
245 _aElements of x-ray crystallography /
_cLeonid V. Azaroff
260 _aFairfax
_bTechbooks
_c1968
300 _axv, 610p;
_bill :
_c23 cm.
505 _aIncludes bibliographical references and index
650 _2X-ray
942 _2ddc
_cO_SHELF